000 00653nam a2200217 a 4500
001 000018599
005 20200929165828.0
008 100512s2009 dr 000 0 spa d
020 _a9789993458814
040 _aDO-SdBNP
_bspa
_cBNPHU
082 _a641.597293
_bH557m
100 1 _aHernández, Xilia
_918761
245 1 0 _aMi amigo el arroz /
_cXilia Hernández.
260 _aSanto Domingo :
_bCentenario,
_c2009.
300 _a119 p. ;
_c21 cm.
590 _aInventariado, 2019/MFF
650 4 _aCocina dominicana
_9192
650 4 _aArroz (cocina)
_922158
650 4 _aPreparación de alimentos
_9193
910 _aValidado. Control de calidad MFF
999 _c18119
_d18119